A wrinkle in time / (Record no. 6013)

MARC details
000 -LEADER
fixed length control field 00924cam a2200277 a 4500
001 - CONTROL NUMBER
control field 6013
003 - CONTROL NUMBER IDENTIFIER
control field FISKH
005 - DATE AND TIME OF LATEST TRANSACTION
control field 20250225094331.0
008 - FIXED-LENGTH DATA ELEMENTS--GENERAL INFORMATION
fixed length control field 731023s1962 nyu j 000 1 eng
010 ## - LIBRARY OF CONGRESS CONTROL NUMBER
LC control number 62007203
020 ## - INTERNATIONAL STANDARD BOOK NUMBER
International Standard Book Number 9780312367541
Terms of availability $11.00
040 ## - CATALOGING SOURCE
Original cataloging agency DLC
Transcribing agency DLC
Modifying agency DLC
Language of cataloging eng
050 ## - LIBRARY OF CONGRESS CALL NUMBER
Classification number PZ7.L5385
082 ## - DEWEY DECIMAL CLASSIFICATION NUMBER
Classification number 813.54
100 1# - MAIN ENTRY--PERSONAL NAME
Personal name L'Engle, Madeleine.
245 12 - TITLE STATEMENT
Title A wrinkle in time /
Statement of responsibility, etc. Madeleine L'Engle.
250 ## - EDITION STATEMENT
Edition statement This edition published in 2007
260 ## - PUBLICATION, DISTRIBUTION, ETC.
Place of publication, distribution, etc. New York :
Name of publisher, distributor, etc. Square Fish,
Date of publication, distribution, etc. 1962
300 ## - PHYSICAL DESCRIPTION
Extent 245 pages :
Dimensions 20 cm
500 ## - GENERAL NOTE
General note "Newbery Award, 1962."
520 ## - SUMMARY, ETC.
Summary, etc. Meg Murry and her friends become involved with unearthly strangers and a search for Meg's father, who has disappeared while engaged in secret work for the government.
655 #7 - INDEX TERM--GENRE/FORM
Genre/form data or focus term Juvenile literature
Chronological subdivision 1962.
Source of term rbgenr
906 ## - LOCAL DATA ELEMENT F, LDF (RLIN)
a 7
b cbc
c orignew
d u
e ocip
f 19
g y-gencatlg
942 ## - ADDED ENTRY ELEMENTS (KOHA)
Source of classification or shelving scheme Dewey Decimal Classification
Koha item type Books
Suppress in OPAC No
Holdings
Withdrawn status Lost status Source of classification or shelving scheme Damaged status Not for loan Collection Home library Current library Shelving location Date acquired Total Checkouts Full call number Barcode Date last seen Date last checked out Price effective from Koha item type
    Dewey Decimal Classification     Fiction Footprints International School Library Network Toul Tom Poung Campus Footprints International School Library Network Toul Kork Campus TTP Secondary Fiction Bookshelves 02/20/2025 3 LEN 813.54 PZ7.L5385 2025-0650 01/26/2026 01/05/2026 02/20/2025 Books